Armenian Premier League Football Badges - Statistics

General Stats
  • This quiz has been taken 18 times
  • The average score is 5 of 10
Answer Stats
Picture Answer % Correct
FC Noah
100%
FC Alashkert
64%
FC Pyunik
64%
FC Ararat-Armenia
57%
FC Ararat Yerevan
50%
FC Van
43%
Shirak SC
43%
FC Urartu
36%
FC BKMA Yerevan
29%
FC Gandzasar Kapan
0%
No matching quizzes found
Score Distribution
Percent of People with Each Score
Percentile by Number Answered
Your Score History
You have not taken this quiz